Nommez les 17 verbes commençant par un Z - 17 verbes - Statistiques

Statistiques générales
  • Ce quiz a été pris 57 fois
    42 depuis la dernière actualisation
  • Le résultat moyen est 5 sur 17
Statistiques - réponses
Réponse % Correct
zozoter
73%
zébrer
54%
zigzaguer
41%
zoner
41%
zipper
35%
zoomer
32%
zester
30%
zieuter
27%
zapper
24%
zézayer
22%
zigouiller
19%
zouker
19%
zinguer
14%
zinzinuler
11%
zyeuter
11%
se zipper
3%
zwanzer
3%
Aucun quiz correspondant
Distribution des résultats
% des personnes avec chaque résultat
Percentile par nombre de réponses
Votre historique - résultats
Vous n’avez pas pris ce quiz depuis la dernière actualisation